| 000 | 03608cgm a2200721Ii 4500 | ||
|---|---|---|---|
| 001 | ocn921892782 | ||
| 003 | OCoLC | ||
| 005 | 20241220164607.0 | ||
| 007 | vd cvaizq | ||
| 008 | 150922s2015 xxu106 vleng d | ||
| 040 |
_aTEFMT _beng _erda _cTEFMT _dOCLCO _dTEF _dMR0 _dOCLCO _dUINTA |
||
| 024 | 1 | _a031398227748 | |
| 028 | 4 | 2 |
_a47601 _bA24 |
| 035 | _a(OCoLC)921892782 | ||
| 041 | 1 |
_aeng _jeng _jspa _heng |
|
| 050 | 4 |
_aPN1997.2 _b.E43 2015 |
|
| 082 | 0 | 4 |
_a791.43/72 _223 |
| 049 | _aUCLB | ||
| 245 | 0 | 4 |
_aThe end of the tour / _cproduced by A24 ; screenplay by Donald Margulies ; directed by James Ponsoldt. |
| 264 | 1 |
_a[United States] : _bLionsgate, _c[2015] |
|
| 300 |
_a1 videodisc (106 min.) : _bsound, color ; _c4 3/4 in. |
||
| 336 | _atwo-dimensional moving image | ||
| 337 | _avideo | ||
| 338 | _avideodisc | ||
| 340 |
_aDVD video _b4 3/4 in. _2rda |
||
| 344 |
_adigital _boptical _g5.1 surround _hDolby digital _2rda |
||
| 345 |
_awidescreen (2.40:1) _2rda |
||
| 346 |
_aDVD-video _bNTSC _2rda |
||
| 347 |
_avideo file _bDVD video _eregion 1 _2rda |
||
| 380 | _aMotion picture. | ||
| 538 | _aDVD ; widescreen (2.40:1) presentation ; Dolby digital 5.1 surround. | ||
| 546 | _aIn English, with optional subtitles in English or Spanish. | ||
| 546 | _aClosed-captioned. | ||
| 511 | 1 | _aJesse Eisenberg, Jason Segel, Anna Chlumsky, Mamie Gummer, Joan Cusack, Ron Livingston, Mickey Sumner. | |
| 508 | _aMusic, Danny Elfman ; editor, Darrin Navarro ; director of photography, Jakob Ihre. | ||
| 500 | _aBased on the book "Although of course you end up becoming yourself: a road trip with David Foster Wallace" by David Lipsky. | ||
| 500 | _aWidescreen. | ||
| 500 | _aDVD release of the 2015 motion picture. | ||
| 521 | 8 | _aMPAA rating: R; for language including some sexual references. | |
| 520 | _aThe story of the five-day interview between Rolling Stone reporter David Lipsky and acclaimed novelist David Foster Wallace, right after the publication of Wallace's groundbreaking epic novel, 'Infinite jest.' Based on David Lipsky's critically-acclaimed memoir "Although of course you end up becoming yourself: a road trip with David Foster Wallace." | ||
| 500 | _aSpecial features: Deleted scenes ; audio commentary with director James Ponsoldt, writer Donald Margulies & actor Jason Segel ; a conversation with composer Danny Elfman ; behind the tour. | ||
| 600 | 1 | 0 |
_aWallace, David Foster _vDrama. _96534974 |
| 600 | 1 | 0 |
_aLipsky, David, _d1965- _vDrama. _96534975 |
| 650 | 0 |
_aAuthors, American _y20th century _vDrama. _95802232 |
|
| 650 | 0 |
_aReporters and reporting _y20th century _vDrama. _96534976 |
|
| 650 | 0 |
_aFriendship _vDrama. _95682261 |
|
| 650 | 0 |
_aFame _vDrama. _96470858 |
|
| 655 | 7 |
_aFeature films. _2lcgft |
|
| 655 | 7 |
_aBiographical films. _2lcgft _9102649 |
|
| 655 | 7 |
_aRoad films. _2lcgft _95748334 |
|
| 655 | 7 |
_aFilm adaptations. _2lcgft |
|
| 655 | 7 |
_aVideo recordings for the hearing impaired. _2lcgft |
|
| 700 | 1 |
_aPonsoldt, James, _efilm director. _95878395 |
|
| 700 | 1 |
_aMargolies, Donald, _escreenwriter. _96534977 |
|
| 700 | 1 |
_aEisenberg, Jesse, _d1983- _eactor. _969172 |
|
| 700 | 1 |
_aSegel, Jason, _d1979- _eactor. _959121 |
|
| 700 | 1 |
_aChlumsky, Anna, _eactor. _963173 |
|
| 700 | 1 |
_aGummer, Mamie, _d1983- _eactor. _96215456 |
|
| 700 | 1 |
_iMotion picture adaptation of (work): _aLipsky, David, _d1965- _tAlthough of course you end up becoming yourself. _96534978 |
|
| 710 | 2 |
_aA24 Media, _eproduction company. _96264942 |
|
| 710 | 2 |
_aLions Gate Entertainment (Firm), _epublisher. _95675069 |
|
| 994 |
_aC0 _bUINTA |
||
| 999 |
_c202871 _d202871 |
||